00640 2200217 4500001002100000005001500021035002000036008004100056245005100097100001400148250001400162260004500176300004600221020002200267084001600289082001000305650003200315990002500347990002500372990002500397INLIS00000000002616720240316090052 a0010-0823000625240316 b 1 ind 1 aApel Emas /cTere Liye ; ilustrasi, Indra Bayu aTere Liye aCetakan 1 aJakarta :bGramedia Pustaka Utama,c2021 a72 halaman :bilustrasi berwarna ;c30 cm a978-602-065-268-9 a398.2 TER a a398.2 4aDongeng, Bacaan kanak-kanak a3488/B/DINARPUS/2023 a3487/B/DINARPUS/2023 a3489/B/DINARPUS/2023